Manifiesto imparcial y exacto de lo más importante ocurrido en Aranjuez, Madrid y Bayona : (Record no. 173047)

MARC details
000 -LEADER
campo de control de longitud fija 01376nam a2200229 i 4500
001 - NÚMERO DE CONTROL
campo de control 173047
003 - IDENTIFICADOR DE NÚMERO DE CONTROL
campo de control ES-MaACL
005 - FECHA Y HORA DE LA ÚLTIMA TRANSACCIÓN
campo de control 20240229062731.0
008 - DATOS DE LONGITUD FIJA--INFORMACIÓN GENERAL
campo de control de longitud fija 091019s1808 sp |||| | spa d
100 1# - ENTRADA PRINCIPAL--NOMBRE DE PERSONA
Nombre de persona Arias, Juan de
9 (RLIN) 141467
Término indicativo de función/relación Autor
245 10 - MENCIÓN DEL TÍTULO
Título Manifiesto imparcial y exacto de lo más importante ocurrido en Aranjuez, Madrid y Bayona :
Resto del título desde 17 de marzo hasta 15 de mayo de 1808 : sobre la caída del Príncipe de la Paz, y sobre el fin de la amistad y alianza de los franceses con los españoles /
Mención de responsabilidad, etc. escrito en Madrid y cedido su producto a beneficio de los pobres de la Casa de Misericordia de Cádiz [por J. de A.].
260 ## - PUBLICACIÓN, DISTRIBUCIÓN, ETC.
Lugar de publicación, distribución, etc. [Cádiz :
Nombre del editor, distribuidor, etc. s.n. ],
Fecha de publicación, distribución, etc. 1808
Fabricante (Imp. en dicha Casa)
300 ## - DESCRIPCIÓN FÍSICA
Extensión 43 p. ;
Dimensiones 20 cm.
600 04 - PUNTO DE ACCESO ADICIONAL DE MATERIA--NOMBRE DE PERSONA
Nombre de persona Carlos
Numeración IV,
Títulos y otros términos asociados al nombre Rey de España
9 (RLIN) 35307
600 04 - PUNTO DE ACCESO ADICIONAL DE MATERIA--NOMBRE DE PERSONA
Nombre de persona Godoy, Manuel de,
Títulos y otros términos asociados al nombre Príncipe de la Paz
9 (RLIN) 57538
651 #4 - PUNTO DE ACCESO ADICIONAL DE MATERIA--NOMBRE GEOGRÁFICO
Nombre geográfico España-
Subdivisión general Historia-
Subdivisión cronológica 1808-1814, Guerra de la Independencia
9 (RLIN) 8244
852 4# - LOCALIZACIÓN
Ubicación ES-MaACL
Número de control de estantería R-3318(1)
Nota libre - Enc. en un vol. facticio con otras obras formando "Miscelánea patriótica"
-- - Enc. piel
852 4# - LOCALIZACIÓN
Ubicación ES-MaACL
Número de control de estantería R-3318(1)
Nota libre Enc. en un vol. facticio con otras obras formando "Miscelánea patriótica"
-- Enc. piel
852 4# - LOCALIZACIÓN
Ubicación ES-MaACL
Número de control de estantería R-3318(1)
Nota libre Encuadernado en un volumen facticio con otras obras formando "Miscelánea patriótica"
-- Encuadernación en piel
942 ## - ELEMENTOS DE ENTRADA SECUNDARIOS (KOHA)
Fuente del sistema de clasificación o colocación Clasificación decimal universal
Holdings
Estatus retirado Estado de pérdida Fuente del sistema de clasificación o colocación Estado de daño No para préstamo Colección Biblioteca de origen Biblioteca actual Ubicación en estantería Fecha de adquisición Total de préstamos Signatura topográfica completa Código de barras Visto por última vez Precio de reemplazo Tipo de ítem Koha
    Clasificación decimal universal     Libros del s. XIX Biblioteca del Ateneo de Madrid Biblioteca del Ateneo de Madrid Depósito 19/10/2009   FA R-3318(1) 1181578 23/02/2023 23/02/2023 Libro impreso antiguo